|
|
|
|
| LEADER |
01168cam a2200337 a 4500 |
| 001 |
c000392760 |
| 003 |
CARM |
| 005 |
20130204105355.0 |
| 008 |
130204s1947 nyua b 000 0 eng d |
| 019 |
1 |
|
|a 43572337
|5 LACONCORD2021
|
| 035 |
|
|
|a (OCoLC)3824455
|5 LACONCORD2021
|
| 040 |
|
|
|a OCoLC
|b eng
|d ANL
|
| 050 |
|
4 |
|a HQ814
|b .T45
|
| 082 |
0 |
4 |
|a 392.5
|
| 100 |
1 |
|
|a Thorman, George.
|
| 245 |
1 |
0 |
|a Broken homes /
|c by George Thorman.
|
| 260 |
|
|
|a New York :
|b Public Affairs Committee,
|c c1947.
|
| 300 |
|
|
|a 31 p. :
|b ill. ;
|c 22 cm.
|
| 490 |
1 |
|
|a Public affairs pamphlet ;
|v no. 135
|
| 500 |
|
|
|a Cover-title.
|
| 504 |
|
|
|a "What to read": p. 31.
|
| 650 |
|
0 |
|a Broken homes.
|
| 650 |
|
0 |
|a Divorce.
|
| 650 |
|
0 |
|a Families.
|
| 710 |
2 |
|
|a Public Affairs Committee.
|
| 852 |
8 |
|
|b CARM
|p 0534147
|f BK
|
| 852 |
8 |
|
|b SCAN
|h A3:AG09B0
|i B12109
|p 0534147
|f BK
|
| 830 |
|
0 |
|a Public affairs pamphlet (Public Affairs Committee) ;
|v no. 135
|
| 999 |
f |
f |
|i c30b4965-597a-5a76-8fc8-9da8c7ee745c
|s 0c6170fd-7035-5a1c-a404-ecffc50cc451
|
| 952 |
f |
f |
|p Can circulate
|a CAVAL
|b CAVAL
|c CAVAL
|d CARM 1 Store
|i book
|m 0534147
|
| 952 |
f |
f |
|a CAVAL
|b CAVAL
|c CAVAL
|d Unmapped Location
|e B12109
|f A3:AG09B0
|h Other scheme
|